000 01261nam a2200265Ia 4500
003 OSt
005 20220930095039.0
006 a|||||r|||| 00| 0
007 ta
008 220926b |||||||| |||| 00| 0 san d
024 _a68486
037 _cTheses
040 _aCRL
_cCRL
_bsan
041 _2san
_asan
100 _aजैन, खुश्बु कुमारी, ले.
110 _aदिल्ली विश्वविद्यालय. कला संकाय. संस्कृत विभाग
245 0 _aनरेन्द्रसेनाचार्य कृत सिद्धान्तसारसङ्ग्रह का समीक्षात्मक अध्ययन, खुश्बु कुमारी जैन
246 _aNarendrasenāchārya kṛut siddhāntasārasangrah kā samīkṣhātmak adhyayana, khushbu kumārī jaina
260 _c2019
300 _a286पृ0
_ap.
_ccm.
650 _aसंस्कृत साहित्य
700 _aदिल्ली विश्वविद्यालय. कला संकाय. संस्कृत विभाग
942 _cDIS
_2CC
999 _c888222
_d888222